000 00928nam a22003017a 4500
001 8227
003 FISKH
005 20251203125239.0
008 250904b cb ||||| |||| 00| 0 eng d
020 _a9780590440158
040 _aFISKH
_beng
_cFISKH
_dFISKH
050 _aPZ8.B755 M
082 _a398.2094771
100 _aBrett, Jan
_d(1949-)
245 _aThe mitten /
_cA Ukrainian Folktale adapted and illustrated by Jan Brett
250 _aThis edition first published in 1990
260 _aNew York :
_bScholastic,
_c1989
300 _a29 unnumbered pages :
_bcolor illustrations ;
_c21 x 26 cm
505 _aP
520 _aSeveral animals sleep snugly in Nicki's lost mitten until the bear sneezes.
521 8 _a600
_bLexile
521 8 _aP
_bRaz-Plus
650 _2Folktale
_aBoard book
650 _2Animals
_aWinter
700 _aBrett, Jan
_dillustrator
942 _2ddc
_cBK
_n0
999 _c8227
_d8227